Sitcom Theme Openings Quiz Stats

 Plays Quiz Updated Mar 28, 2012

Challenge
Share
Tweet
Embed
Score 0/20 Timer 05:00
0 Plays Today
Sitcom First Word % Correct
The Addams Familythey're
70.1%
The Brady Bunchhere's
64.4%
Family GuyIt
58.4%
Happy DaysSunday
56.9%
The Facts of Lifeyou
52.9%
Friendsso
52.2%
Married...With Childrenlove
50.3%
Three's Companycome
39.5%
Cheersmaking
35.9%
That '70s Showhangin'
33%
Sitcom First Word % Correct
Gilligan's Islandjust
32.7%
The Golden Girlsthank
27.1%
The Mary Tyler Moore Showwho
25.5%
The Big Bang Theoryour
22.4%
Diff'rent Strokesnow
20.2%
All in the Familyboy
16.6%
Malcolm in the Middleyes
12.3%
WKRP in Cincinnatibaby
9.4%
Mad About Youtell
8%
The Patty Duke Showmeet
3%

You're not logged in!

Compare scores with friends on all Sporcle quizzes.
OR
Log In

You Might Also Like...

Show Comments

Extras

Top Quizzes Today


Score Distribution

Your Account Isn't Verified!

In order to create a playlist on Sporcle, you need to verify the email address you used during registration. Go to your Sporcle Settings to finish the process.

Report this User

Report this user for behavior that violates our Community Guidelines.

Details: